| 000 | 01474nab a22002417a 4500 | ||
|---|---|---|---|
| 999 |
_c5677 _d5677 |
||
| 003 | OSt | ||
| 005 | 20251226230113.0 | ||
| 008 | 190603e xxum|||| |||| 00| 0 spa d | ||
| 040 | _cPJ | ||
| 100 |
_95891 _aPérez Hortal, María Eugenia |
||
| 245 | 1 | 3 |
_aLa partición por ascendientes en el Código Civil y Comercial de la Nación a diez años de su vigencia / _cMaría Eugenia Pérez Hortal. |
| 260 |
_cCiudad Autónoma de Buenos Aires : _aThomson Reuters La Ley, _b2025. |
||
| 300 | _ap. 62-72 | ||
| 500 | _aCita: TR LALEY AR/DOC/1761/2025 Publicado en: RCCyC 2025 (agosto). | ||
| 505 | _aSumario: I. Introducción.— II. La partición por donación como herramienta de planificación sucesoria.— III. Partición por ascendientes. Los cambios receptados por el Cód. Civ. y Com.— IV. Los sujetos de la relación jurídica.— V. El objeto del acto particionario.— VI. Mecanismos de protección a la igualdad entre coherederos y a la integralidad de la porción legítima en la partición por ascendientes.— VII. Reflexiones finales. | ||
| 505 | _t¿Te interesa el texto completo? Solicitalo al correo: koha@justierradelfuego.gov.ar | ||
| 650 | 0 |
_91497 _aCODIGO CIVIL Y COMERCIAL |
|
| 650 | 0 |
_9888 _aSUCESIONES |
|
| 650 | 0 |
_91084 _aHEREDEROS |
|
| 650 | 0 |
_94553 _aPARTICION DE LA HERENCIA |
|
| 773 | 0 |
_02713 _93170 _dCiudad Autónoma de Buenos Aires : Thomson Reuters La Ley, 2015- _tRevista Código Civil y Comercial. Nº 4 - Agosto 2025 |
|
| 942 |
_2udc _cANA |
||